000 00495nam a2200193Ia 4500
003 OSt
005 20221007082708.0
006 a|||||r|||| 00| 0
007 ta
008 221006b |||||||| |||| 00| 0 eng d
024 _a23,221
037 _cDissertations
040 _aFLL
_cFLL
_beng
041 _2eng
_aeng
100 _aPrakash Mahesh
_9699269
245 0 _aProblem of undertrials and present law in India
942 _cDIS
_2CC
999 _c1167414
_d1167414